• 首页
  • 本馆介绍
  • 公告通知
  • 最新文献
  • 馆藏检索
  • 电子资源
  • 读者导购
  • 参考咨询
  • 我的图书馆
  • 登录
  • 详细信息显示
  • 放入我的书架
  • 预约/预借图书
  • 作者相关作品
  • 分类相关作品
  • 丛书相关作品
  • 出版社相关作品

书目信息

  • 表格格式
  • 工作单格式
  • 卡片格式
题名:
战国策
    
 
作者: 刘向 撰
分册:  
出版信息: 西安   陕西旅游出版社  2003
页数: 218页
开本: 19cm
丛书名: 中国传统文化经典文库
单 册:
中图分类: K222.2 , Z1
科图分类:
主题词: 中国--古代史--奴隶社会 , 丛书
电子资源:
ISBN: 7-5418-1941-7
000 00946oam2 2200301 450
001 1538781325
005 20151110115503.08
010    @a7-5418-1941-7@dCNY10.00
100    @a20030326d2003----em-y0chiy0110----ea
101 0  @achi
102    @aCN@b610000
105    @aa---z---000yy
200 1  @a战国策@9zhan guo ce@e珍藏版@f(西汉)刘向撰
210    @a西安@c陕西旅游出版社@d2003
215    @a218页@c图@d19cm
225 2  @a中国传统文化经典文库@e双色图文经典
308    @a丛书第一辑
330    @a本书共有28篇,主要篇目包括:《秦兴师临周而求九鼎》、《齐助楚攻秦》、《田单将攻狄》等。
461  0 @12001 @a中国传统文化经典文库
515 1  @a经典文库开卷有益@9jing dian wen ku kai juan you yi
606 0  @a中国@x古代史@x奴隶社会
606 0  @a丛书
607    @a中国@x古代史@z战国时代@j史料
690    @aK222.2@v5
690    @aZ1@v4
701  0 @c(汉)@a刘向@9liu xiang@f(前79~前8)@4撰
801  0 @aCN@bTSSF@c20150127
905    @aZUCC@dZ1@eJY57
    
    战国策:珍藏版/(西汉)刘向撰.-西安:陕西旅游出版社,2003
    218页:图;19cm.-(中国传统文化经典文库:双色图文经典)
    
    
    ISBN 7-5418-1941-7:CNY10.00
    本书共有28篇,主要篇目包括:《秦兴师临周而求九鼎》、《齐助楚攻秦》、《田单将攻狄》等。
●
相关链接 在E读中查询图书 在五车中查询图书 在当当中查询图书 在豆瓣中查询图书


正题名:战国策     索取号:Z1/JY57         预约/预借

序号 登录号 条形码 馆藏地/架位号 状态 备注
1 7840655   278406556   学院路分馆/ [索取号:Z1/JY57] 在馆    
2 7840656   278406565   学院路分馆/ [索取号:Z1/JY57] 在馆    
3 7852193   278521930   学院路分馆/ [索取号:Z1/JY57] 在馆    
4 7852194   278521949   学院路分馆/ [索取号:Z1/JY57] 在馆    
唐山师范学院图书馆 欢迎您!
大连网信软件有限公司© 版权所有